Value of food (Record no. 24093)

MARC details
000 -LEADER
fixed length control field 00341nam a2200145Ia 4500
082 ## - DEWEY DECIMAL CLASSIFICATION NUMBER
Classification number 612.39
Item number FIS
100 ## - MAIN ENTRY--AUTHOR NAME
Personal name Bender, Arnold E
245 #0 - TITLE STATEMENT
Title Value of food
250 ## - EDITION STATEMENT
Edition statement 2
260 ## - PUBLICATION, DISTRIBUTION, ETC. (IMPRINT)
Place of publication Oxford
Name of publisher Oxford University
Year of publication 1970
650 ## - SUBJECT ADDED ENTRY--TOPICAL TERM
Topical Term Nutrition
700 ## - ADDED ENTRY--PERSONAL NAME
Personal name Fisher, Patly
942 ## - ADDED ENTRY ELEMENTS (KOHA)
Koha item type Books
Holdings
Withdrawn status Lost status Damaged status Not for loan Home library Current library Date acquired Cost, normal purchase price Full call number Accession Number Koha item type
        RRII Library RRII Library 16/12/2021 1.95 612.39 FIS 04780 Books